00502nam a2200181Ia 4500003000400000005001700004008004100021020002200062040000700084041000800091082002100099100001600120245008700136260005000223300001500273365001300288650001900301OSt20230614153506.0210423s2018 xx 000 0 und d a978-93-8795-720-6 cAL aeng a336.2 223bDATT aDATEY (V S) aTaxmanns GST law and practice with customs and FTP: paper 8 indirect tax laws 2018 aNew DelhibTaxmann Publications Pvt Ltdc2018 axi,627bPB b975cINR aPublic Finance